| 000 | 00694nam a2200217Ia 4500 | ||
|---|---|---|---|
| 003 | GCL | ||
| 005 | 20240530110914.0 | ||
| 008 | 140319s9999 xx 000 0 ara d | ||
| 040 |
_aGCL / _cGCL |
||
| 082 | 0 | 4 |
_a956.708\ _bس ح |
| 100 | 1 | _aسمير الخليل | |
| 245 | 1 | 0 |
_aالحرب التى لم تكتمل : _bالديمقراطية فى العراق ومسؤلية التحالف / _cسمير الخليل |
| 260 |
_a[S.N] : _bدار الساقى ، _c1991 |
||
| 300 | _a95 ص | ||
| 490 |
_aبحوث اجتماعية _v( 8 ) |
||
| 650 | 0 | 4 | _aالعراق |
| 650 | 0 | 4 | _aالديمقراطية |
| 650 | 0 | 4 | _aحرب الخليج |
| 650 | 0 | 4 | _aصدام حسين |
| 942 |
_2ddc _cBK |
||
| 999 |
_c66357 _d66357 |
||